000 00576nam a2200229Ia 4500
003 OSt
005 20220928104756.0
006 a|||||r|||| 00| 0
007 ta
008 220927b |||||||| |||| 00| 0 eng d
024 _a46139
037 _cTextual
040 _aSDCL
_cSDCL
_beng
041 _2eng
_aeng
082 _aV3y7M941, L9
100 _aSmyth John
_9411987
245 0 _aMilestones
260 _aLondon
_bSidgwick and Jackson
_c1979
300 _a304p
_ccm.
942 _hV3y7M941, L9
_cTEXL
_2CC
999 _c727703
_d727703